00453nam a2200145 a 450000500170000000800410001705000230005810000220008124500750010326000590017830000220023752100090025965000200026865000190028820140310183142.0021119s19uu xx 00 eng d aHD 58.9b.D39 2000 aDe Guia, Florence aCulture change :bkey to organization development /cFlorence De Guia. aMakati City :bFlorencede de Guia & Associates,c2000. a174 p. :c20 cm.  aBSBA aManaging change aCulture change